Basic Words - K - Statistics

General Stats
  • This quiz has been taken 24 times
  • The average score is 9 of 10
Answer Stats
Hint Answer % Correct
Item used to unlock doors Key
100%
Male ruler of a palace King
100%
Fruit with a brown exterior, but green interior Kiwi
100%
Soldier in shining armour Knight
100%
Large, jumping marsupial Kangaroo
95%
Toy connected to a string and flown in the wind Kite
95%
Sleepy bear-like marsupial Koala
95%
Area ruled by this ruler Kingdom
90%
Metallic appliance used to boil water Kettle
86%
Japanese form of martial arts Karate
81%
No matching quizzes found
Score Distribution
Percent of People with Each Score
Percentile by Number Answered
Your Score History
You have not taken this quiz